Central Library OPAC University of Rajshahi

A Short history of Pakistan / (Record no. 27107)

MARC details
000 -LEADER
fixed length control field 01054nam a2200265 4500
001 - CONTROL NUMBER
control field 27107
003 - CONTROL NUMBER IDENTIFIER
rucl marc code BD-RjUL
005 - DATE AND TIME OF LATEST TRANSACTION
control field 20211209051119.0
008 - FIXED-LENGTH DATA ELEMENTS--GENERAL INFORMATION
fixed length control field 140324s1967 pk b b 001 0 eng
035 ## - SYSTEM CONTROL NUMBER
System control number (BD-RjUL)27178
040 ## - CATALOGING SOURCE
Original cataloging agency DLC
Transcribing agency DLC
Modifying agency DLC
-- BD-RjUL
Language of cataloging eng
041 ## - LANGUAGE CODE
Language code of text/sound track or separate title eng
082 00 - DEWEY DECIMAL CLASSIFICATION NUMBER
Classification number 915.4903
Author mark and year SHO V-3 1967
245 02 - TITLE STATEMENT
Title A Short history of Pakistan /
Statement of responsibility, etc. General editor: I. H. Qureshi.
Number of part/section of a work Book Three
Name of part/section of a work The Mughul empire, by Sh. A. Rashid.
260 ## - PUBLICATION, DISTRIBUTION, ETC. (IMPRINT)
Place of publication, distribution, etc. Karachi :
Name of publisher, distributor, etc. University of Karachi,
Date of publication, distribution, etc. 1967.
300 ## - PHYSICAL DESCRIPTION
Pagination 4 v. :
Illustrations ill., maps (part fold.)
Size 23 cm.
350 ## - PRICE (NR) (BK AM CF MU VM SE) [OBSOLETE]
Price 11.00 (v. 1) varies.
504 ## - BIBLIOGRAPHY, ETC. NOTE
Bibliography, etc Includes bibliographies and index.
505 0# - FORMATTED CONTENTS NOTE
Formatted contents note book 1. Pre-Muslim period, by A. H. Dani.--book 2. Muslim rule under the sultans, by M. Kabir.--book 3. The Mughul empire, by Sh. A. Rashid.--book 4. Alien rule and the rise of Muslim nationalism, by M. A. Rahim [and others].
651 #0 - SUBJECT ADDED ENTRY--GEOGRAPHIC NAME
Geographic name Pakistan
General subdivision History.
9 (RLIN) 83212
700 1# - ADDED ENTRY--PERSONAL NAME
Personal name Qureshi, Ishtiaq Husain,
Relator term ed.
942 ## - ADDED ENTRY ELEMENTS (KOHA)
Source of classification or shelving scheme Dewey Decimal Classification
Koha item type Books
Holdings
Lost status Source of classification or shelving scheme Damaged status Not for loan Collection code Permanent Location Current Location Shelving location Date acquired Source of acquisition Cost, normal purchase price Total Checkouts Full call number Date last seen Copy number Koha item type
  Dewey Decimal Classification   Added to bundle Non-fiction Central Library, University of Rajshahi Central Library, University of Rajshahi Reading Room 29/05/1968 Pakistan, Book centre 6.31   915.4903 SHO V-3 1967 24/03/2014 C-1 Books
  Dewey Decimal Classification     Non-fiction Central Library, University of Rajshahi Central Library, University of Rajshahi   29/05/1968 Pakistan, Book centre 6.31   915.4903 SHO V-3 1967 24/03/2014 C-2 Books
  Dewey Decimal Classification     Non-fiction Central Library, University of Rajshahi Central Library, University of Rajshahi   12/11/1968 Unknown 6.75   915.4903 SHO V-3 1967 24/03/2014 C-6 Books